Responses for show #2126 - Monday, November 29, 1993

1993 10th Anniversary Tournament semifinal game 1.

Contestants

Steve Rogitz, a trucking company manager from Gardena, California

Roy Holliday, a radiologist from Nyack, New York

Leslie Frates, a Spanish teacher from Hayward, California

Jeopardy! Round responses

AROUND THE WORLD
TV CARTOONS
NATURE
CRAFTS
HISTORY
6-LETTER WORDS
    $100 1
National Anthem

Leslie
    $100 3
"The Flintstones"

Steve
    $100 21
Flamingo

Roy
    $100 16
Collage

Leslie
    $100 26
Ho Chi Minh

Steve
    $100 8
Dinner

Roy
    $200 2
Lace

Steve
    $200 4
Astro

Leslie
    $200 22
barnacles

Leslie
    $200 17
Leather

Leslie
    $200 27
Mayans

Leslie
    $200 9
Menace

Steve
    $300 5
London

Leslie
    $300 10
Charlie Chan

Leslie
    $300 23
Host

Roy
    $300 18
Firing

Leslie
    $300 28
Castille

Leslie
    $300 11
Cackle

Leslie
    $400 6
Danish

Leslie
    $400 14
"George of the Jungle"

Steve
    $400 24
Stamen

Roy
    $400 19
(Leslie: What is wicker?)
(Steve: What is...)

cane

LeslieSteve
Triple Stumper
    $400 29
Germany

Leslie
    $400 12
Kettle

Leslie
    $1,000 7
Malta

Leslie
    $500 15
"The Fantastic Four"

Roy
    $500 25
(R: What is a frog?)

Salamander

RoySteve
    $500 20
Embroidery

Leslie
    $500 30
Venezuela

Leslie
    $500 13
(L: What is ricketts?)

Scurvy

LeslieRoy

Scores at the first commercial break (after clue 15):

Leslie Roy Steve
$2,500 $1,100 $900

Scores at the end of the Jeopardy! Round:

Leslie Roy Steve
$4,800 $1,400 $1,100

Double Jeopardy! Round responses

THE CIVIL WAR
EGYPTOLOGY
POETS & POETRY
HAIRSTYLES
U.S. GEOGRAPHY
DRAMA
    $200 1
(R: What is the Monitor?)

Merrimack

LeslieRoy
    $200 15
Date

Leslie
    $200 13
a rainbow

Roy
    $200 24
Crew Cut

Leslie
    $200 2
Cape Cod

Leslie
    $200 4
"A Man for All Seasons"

Roy
    $400 10
William Sherman

Roy
    $400 16
Chariots

Steve
    $400 14
Robert Frost

Leslie
    $400 25
Dorothy Hamill

Steve
    $400 3
Chesapeake Bay

Roy
    $400 5
Nickel

Leslie
    $600 17
Clara Barton

Roy
    $600 19
(R: What is Luxor?)
(L: What is Thebes?)

Memphis

LeslieRoy
Triple Stumper
    $600 18
T.S. Eliot

Leslie
    $600 27
Page Boy

Leslie
    $600 6
(S: What is Georgia?)

Florida

LeslieSteve
    $600 8
"R.U.R."

Leslie
    $800 26
Hooker

Leslie
    $800 22
Valley of the Kings

Leslie
    $1,600 20
(L: Who was Tennyson?)

Henry Wadsworth Longfellow

Leslie
    $800 28
a chignon

Leslie
    $800 7
Mt. Rainier

Roy
    $2,000 11
Grover's Corners, New Hampshire

Roy
    $1000 30
Shiloh

Leslie
    $1000 23
wazir

Leslie
    $1000 21
Last the Night

Leslie
    $1000 29
Queue

Leslie
    $1000 9
(R: What is Erie?)
(L: What is Superior?)

Lake Ontario

LeslieRoySteve
    $1000 12
(L: Who was Cyrus The Great?)

Darius The Great

Leslie
Triple Stumper

Scores at the end of the Double Jeopardy! Round:

Leslie Roy Steve
$11,000 $4,200 $2,300
(lock game)

[wagering suggestions for these scores]

Final Jeopardy! Round responses

PRESIDENTS
(Alex: First you have to figure out who was president in 1958, go back from there, and figure out who was still alive who had been a president. Steve, we'll begin with you. You were in third place and you wrote down... "Who are Truman & Jeff Wein..."--Jeff who?)
(Steve: Weinfurter.)
(Alex: Who is Jeff Weinfurter?)
(Steve: My nephew!)
SteveWho were Truman & Jeff Weinfurter
$2,222
RoyWho are Truman & Hoover?
$800
LeslieWho are Truman + Eisenhower?
$1,000
Harry S. Truman & Herbert Hoover

Final scores:

Leslie Roy Steve
$10,000 $5,000 $78
Finalist 2nd place: $5,000 3rd place: $5,000

Game dynamics:

Coryat scores:

Leslie Roy Steve
$12,100 $3,000 $2,300
34 R
(including 1 DD),
6 W
(including 1 DD)
13 R
(including 1 DD),
4 W
9 R,
2 W

Combined Coryat: $17,400

The J! Archive is created by fans, for fans. The Jeopardy! game show and all elements thereof, including but not limited to copyright and trademark thereto, are the property of Jeopardy Productions, Inc. and are protected under law. This website is not affiliated with, sponsored by, or operated by Jeopardy Productions, Inc. Join the discussion at JBoard.tv.